Príspevok k dejinám typografie v Uhorsku

Bibliographic Details
Main Author: Saktorová, Helena, 1953- (Author)
Format: Article
Language:Slovak
ISSN:1335-7026
Subjects:
Online Access:http://www.snk.sk/images/snk/casopis_kniznica/2005/august/19.pdf

MARC

LEADER 00000nab a2200000 a 4500
001 vtls008302977
003 SK-MaSNL
005 20260304144703.0
008 250505c2005 xo mr|p|||||||000 b|slo
015 |a SNBRB2005/10  |2 snkbucl 
035 |a (uuid)1ae3bfd3-f112-4d22-95c8-c7b58b0a474e 
035 |a urn:nbn:sk:snk-abbz4l 
035 |a (urnnbn)urn:nbn:sk:snk:ar-000o8d 
038 |a SNKBUCL 
040 |a SNKBUCL  |b slo  |c SNKBUCL  |e AACR2 
041 0 |a slo 
044 |a xo  |c SK 
080 |a 655.26  |x (091)  |2 1997 
100 1 |a Saktorová, Helena,  |d 1953-  |4 aut  |9 102798 
245 1 0 |a Príspevok k dejinám typografie v Uhorsku  |c Helena Saktorová 
650 0 7 |a typografia  |2 snkbucl  |9 13578 
651 7 |a Uhorsko  |2 snkbucl  |9 28673 
655 7 |a recenzie  |2 snkbucl  |9 21907 
655 7 |a monografie  |2 snkbucl  |9 70139 
773 0 |t Knižnica  |g Roč. 6, č. 8 (2005), s. 19  |x 1335-7026 
787 0 8 |i Rec.:  |a Ecsedy, Judit V., 1946-  |t A régi magyarország nyomdák betül és díszei 1473-1600  |d Budapest : Balassikiadó - Országos Széchényi Könuvtár, 2004 
850 |a Slovenská národná knižnica 
852 |a Slovenská národná knižnica 
856 4 1 |u http://www.snk.sk/images/snk/casopis_kniznica/2005/august/19.pdf 
954 |a odborná, vedecká literatúra pôvodná (slovenská)  |2 lita 
958 |a article15 
958 |a OND 
958 |a KL 
958 |a RC 
958 |a EUIPO 
999 |c 2932631  |d 2934561